00798nam a2200217Ii 45000010005000000030009000050080041000140400033000550410008000880820014000961000042001102450051001522640077002033000012002803360026002923370028003183380027003469400050003739990017004239520140004405943CO-ViMGA241108s9999||||xx |||||||||||||| ||und|| aCO-ViMGAbspaerdacCO-ViMGA0 aunk04a861-H558p1 aCecilia Hernández de Mendoza94560210a poeta Jorge Rojas:bEstudio y antología 1a[Lugar de publicación no identificado] : Instituto Caro y Cuervo, 1993 avolumen atextbtxt2rdacontent aunmediatedbn2rdamedia avolumebnc2rdacarrier aidficha_siabuc: 5796. -- ficha_no_siabuc:5943 c50739d50739 001040708001aMEVIGERRbMEVIGERRcGENd2006-11-27hVol.1o861-H558ppECA5158r2024-11-26 10:02:10tEj.1w2024-11-26yBKz5796 | 8118